000 00539nam a22001697a 4500
005 20231116125719.0
008 231116b |||||||| |||| 00| 0 eng d
020 _a9991639063
041 _aEnglish
082 _a344.1 BAS
100 _lEnglish
245 _aThe Labour Act (Act 6 of 1992) : Basic Conditions of Employment and Termination Service
260 _aWindhoek :
_bNamibia Institute for Democracy,
_c1996
300 _b25 pages ;
_c22 cm.
650 _aLegal practice
_bLaw
942 _cBK
_6ALISON_BN_VRIES
999 _c732
_d732